000 00625nam a22002297a 4500
999 _c4029
_d4029
005 20241227104154.0
008 241227b ||||| |||| 00| 0 eng d
020 _a9781467723831
040 _cKH8
082 _a930 DOE
100 _aDoeden, Matt
_eAuthor.
245 _aThe Ancient Maya
_cMatt Doeden
260 _aUnited State of America
_bLerner Classroom
_c2014
300 _a40 pages.
_bcolour illustration
_c23 cm.
_emaps
521 _astudent
546 _aEnglish
650 _aMayas
650 _aJuvenile literature
700 _aEvans, Lisa
_eillustrator
710 _aDK Publication
942 _2ddc
_cNFIC